Vivent les différences: an intermediate reader for communication

Uloženo v:
Podrobná bibliografie
Hlavní autor: Jarvis, Gilbert et al
Médium: Kniha
Jazyk:Undetermined
Vydáno: New York, Estados Unidos Holy, Rinehart and Winston 1981
Témata:
Tagy: Přidat tag
Žádné tagy, Buďte první, kdo vytvoří štítek k tomuto záznamu!

MARC

LEADER 00000nam a2200000Ia 4500
008 170316s9999 xx 000 0 und d
090 |a 415-F J-1v 
100 |a Jarvis, Gilbert et al. 
245 |a Vivent les différences: an intermediate reader for communication 
260 |a New York, Estados Unidos 
260 |b Holy, Rinehart and Winston 
260 |c 1981 
300 |a 205 páginas 
650 |a GRAMÁTICA FRANCESA 
999 |c 19211  |d 19211 
040 |a cru BVZT 
942 |c 15 D  |h 415-F J-1v  |2 z